Normal view
MARC view
Entry Personal Name
001 - CONTROL NUMBER
- control field: 60063
003 - CONTROL NUMBER IDENTIFIER
- control field: dpl
005 - DATE AND TIME OF LATEST TRANSACTION
- control field: 20231220151328.0
008 - FIXED-LENGTH DATA ELEMENTS
- fixed length control field: 231220|| aca||aabn | a|a d
040 ## - CATALOGING SOURCE
- Original cataloging agency: dpl
- Transcribing agency: dpl
100 ## - HEADING--PERSONAL NAME
- Personal name: Ruhela, S.P
670 ## - SOURCE DATA FOUND
- Source citation: Work cat.: (dpl)199729: Ruhela, S.P , Value Education and Inspirational Quotes on Value Education//, 2020
